[Event "Agneaux St Lo op U20 16th"]
[Site "Agneaux"]
[Date "2014.07.08"]
[Round "3"]
[White "Gagarin, Vasily"]
[Black "Duchossoir, Anatole"]
[Result "1-0"]
[WhiteElo "1857"]
[BlackElo "1373"]
[PlyCount "61"]
[EventDate "2014.07.06"]
[EventType "swiss"]
[EventRounds "9"]
[EventCountry "FRA"]
[SourceTitle "EXT 2015"]
[Source "ChessBase"]
[SourceDate "2014.11.20"]
[SourceVersion "1"]
[SourceVersionDate "2014.11.20"]
[SourceQuality "1"]

1. d4 d5 2. Nf3 Nc6 3. e3 Nf6 4. Bd3 e6 5. 0-0 Bd6 6. b3 Bd7 7. Bb2 Ne7 8. Ne5 Ng6 9. f4 Bxe5 10. fxe5 Ne4 11. Bxe4 dxe4 12. Nd2 f5 13. exf6 gxf6 14. Nxe4 Bc6 15. Nxf6+ Ke7 16. Ba3+ Kf7 17. Nxh7+ Kg7 18. Nf6 Rh6 19. Nh5+ Kh8 20. Qg4 Qd5 21. Nf6 Qa5 22. Bb2 Qd2 23. Qg5 Rh4 24. Rf2 Qb4 25. Qxg6 Qd6 26. Ng4 Qd5 27. e4 Qxe4 28. d5+ e5 29. Qxe4 Bxd5 30. Qxe5+ Kh7 31. Qg7# 1-0

[Event "Agneaux St Lo op U20 16th"]
[Site "Agneaux"]
[Date "2014.07.06"]
[Round "1"]
[White "Gagarin, Vasily"]
[Black "Bernat Winter, Vassili"]
[Result "1-0"]
[WhiteElo "1857"]
[BlackElo "1534"]
[PlyCount "24"]
[EventDate "2014.07.06"]
[EventType "swiss"]
[EventRounds "9"]
[EventCountry "FRA"]
[SourceTitle "EXT 2015"]
[Source "ChessBase"]
[SourceDate "2014.11.20"]
[SourceVersion "1"]
[SourceVersionDate "2014.11.20"]
[SourceQuality "1"]

1. d4 f5 2. Nf3 e6 3. e3 Nf6 4. Bd3 d5 5. 0-0 c6 6. Ne5 Bd6 7. f4 Ne4 8. Bxe4 dxe4 9. Qh5+ g6 10. Nxg6 hxg6 11. Qxh8+ Bf8 12. b3 Kf7 1-0

[Event "EU-ch U10 23rd"]
[Site "Budva"]
[Date "2013.10.01"]
[Round "3"]
[White "Prado Lobo, Jonas"]
[Black "Gagarin, Vasily"]
[Result "1/2-1/2"]
[WhiteElo "1602"]
[BlackElo "1883"]
[PlyCount "102"]
[EventDate "2013.09.29"]
[EventType "swiss"]
[EventRounds "9"]
[EventCountry "MNE"]
[SourceTitle "EXT 2014"]
[Source "ChessBase"]
[SourceDate "2013.11.20"]
[SourceVersion "1"]
[SourceVersionDate "2013.11.20"]
[SourceQuality "1"]

1. e4 d5 2. exd5 Qxd5 3. Nc3 Qd6 4. Nf3 Nf6 5. Bc4 Bg4 6. h3 Bh5 7. d3 c6 8. 0-0 e6 9. Bg5 Nbd7 10. Qe2 h6 11. Bh4 Qb4 12. Rab1 Bd6 13. a3 Qb6 14. Ne4 Nxe4 15. Qxe4 g5 16. Bxe6 0-0-0 17. Bxd7+ Rxd7 18. Ne5 Re7 19. Qf5+ Kb8 20. Nd7+ Rxd7 21. Qxd7 Bc7 22. Qf5 Bg6 23. Qf6 Rc8 24. Bxg5 hxg5 25. Qxg5 Qd4 26. Qe3 Qd6 27. g3 Bf5 28. Kg2 Rh8 29. Rh1 Be6 30. c4 Qd7 31. h4 Re8 32. Rbe1 Bh3+ 33. Rxh3 Rxe3 34. Rxe3 Bb6 35. Rf3 Bd4 36. b4 a5 37. h5 a4 38. h6 Bh8 39. h7 f6 40. Re3 Kc7 41. Rh4 Kd8 42. Ree4 f5 43. Re3 c5 44. b5 Qd6 45. f4 Qf6 46. Re5 Qg6 47. Rd5+ Ke7 48. Rxc5 Qd6 49. Re5+ Bxe5 50. fxe5 Qxe5 51. h8Q Qe2+ 1/2-1/2

[Event "Varna op 7th"]
[Site "Varna"]
[Date "2013.06.25"]
[Round "7"]
[White "Petkov, Hristo"]
[Black "Gagarin, Vasily"]
[Result "1-0"]
[WhiteElo "2054"]
[BlackElo "1883"]
[PlyCount "52"]
[EventDate "2013.06.19"]
[EventType "swiss"]
[EventRounds "9"]
[EventCountry "BUL"]
[SourceTitle "CBM 155 Extra"]
[Source "ChessBase"]
[SourceDate "2013.08.26"]
[SourceVersion "1"]
[SourceVersionDate "2013.08.26"]
[SourceQuality "1"]

1. e4 e6 2. d4 d5 3. Nd2 Nf6 4. e5 Nfd7 5. Bd3 c5 6. c3 Nc6 7. Ne2 cxd4 8. cxd4 f6 9. exf6 Qxf6 10. Nf3 h6 11. 0-0 Bd6 12. a3 0-0 13. Bc2 Rd8 14. b4 a6 15. Bb2 Nf8 16. Re1 Bd7 17. Nc1 Be8 18. Ne5 Bxe5 19. dxe5 Qe7 20. Nb3 Bg6 21. f4 Rac8 22. Rc1 Bxc2 23. Rxc2 Qf7 24. Qd2 Ng6 25. g3 Nce7 26. Rec1 Nf5 1-0

[Event "Varna op 7th"]
[Site "Varna"]
[Date "2013.06.24"]
[Round "6"]
[White "Gagarin, Vasily"]
[Black "Mitev, Valentin"]
[Result "1-0"]
[WhiteElo "1883"]
[BlackElo "1514"]
[PlyCount "87"]
[EventDate "2013.06.19"]
[EventType "swiss"]
[EventRounds "9"]
[EventCountry "BUL"]
[SourceTitle "CBM 155 Extra"]
[Source "ChessBase"]
[SourceDate "2013.08.26"]
[SourceVersion "1"]
[SourceVersionDate "2013.08.26"]
[SourceQuality "1"]

1. e4 c6 2. d4 d5 3. e5 Bf5 4. Nf3 e6 5. Be2 Ne7 6. 0-0 Nd7 7. b3 c5 8. c3 Nc6 9. Bb2 Rc8 10. a3 Be7 11. Bd3 Bxd3 12. Qxd3 0-0 13. Nbd2 Qb6 14. g3 f6 15. exf6 Bxf6 16. Rae1 Rfe8 17. Kg2 cxd4 18. Nxd4 Nxd4 19. cxd4 Qc7 20. Rc1 Qd6 21. f4 g6 22. Nf3 Bg7 23. Rfe1 Nf6 24. Rxc8 Rxc8 25. Ng5 Qc6 26. Re2 Ne4 27. Nxe4 dxe4 28. Qe3 Qd5 29. Kf2 Kf7 30. Ke1 Rd8 31. Qxe4 Qxe4 32. Rxe4 Rd5 33. Ke2 Rb5 34. Re3 Ra5 35. b4 Rb5 36. Kd3 Rd5 37. Ke4 Rb5 38. Rc3 a5 39. Rc7+ Kf8 40. Bc3 Rh5 41. h4 Bf6 42. Rc5 axb4 43. Bxb4 Be7 44. Rc8+ 1-0

[Event "Albena Masters op"]
[Site "Albena"]
[Date "2013.06.04"]
[Round "4"]
[White "Banov, Boil"]
[Black "Gagarin, Vasily"]
[Result "1-0"]
[WhiteElo "2165"]
[BlackElo "1883"]
[PlyCount "59"]
[EventDate "2013.06.01"]
[EventType "swiss"]
[EventRounds "9"]
[EventCountry "BUL"]
[SourceTitle "CBM 154 Extra"]
[Source "ChessBase"]
[SourceDate "2013.06.25"]
[SourceVersion "2"]
[SourceVersionDate "2013.06.25"]
[SourceQuality "1"]

1. g3 c5 2. Bg2 g6 3. c4 Bg7 4. Nc3 Nc6 5. e3 e5 6. Nge2 Nge7 7. 0-0 0-0 8. d3 d6 9. Rb1 Be6 10. Nd5 Qd7 11. f4 f5 12. a3 Rab8 13. Nec3 b6 14. b4 exf4 15. b5 Nd8 16. gxf4 Nxd5 17. Nxd5 Bf7 18. Bb2 Rc8 19. Nf6+ Bxf6 20. Bxf6 Qe6 21. Ba1 Qxe3+ 22. Kh1 d5 23. cxd5 h6 24. Qc2 Re8 25. Rf3 Qe2 26. Qc3 Kf8 27. d6 Re6 28. Qh8+ Bg8 29. Qg7+ Ke8 30. d7# 1-0